Metodika projektování výroby /

Gespeichert in:
Bibliographische Detailangaben
Hauptverfasser: Zelenka, Antonín (Verfasst von), Kunešová, Liduška (Verfasst von), Preclík, Vratislav (Verfasst von)
Format: Buch
Sprache:Tschechisch
Veröffentlicht: Praha : České vysoké učení technické v Praze, 1981
Schlagworte:
Online-Zugang:OBSAH
Tags: Tag hinzufügen
Keine Tags, Fügen Sie das erste Tag hinzu!

MARC

LEADER 00000nam a22000003a 4500
001 stu45102
005 20150617225715.6
008 951120s1981----cs------------------cze-d
040 |a STU  |b slo 
041 0 |a cze 
044 |a cs 
080 |a 658.51.001.63(075.8) 
100 1 |a Zelenka, Antonín  |4 aut 
245 1 |a Metodika projektování výroby /  |c [aut.]Antonín Zelenka, Liduška Kunešová, Vratislav Preclík 
260 |a Praha :  |b České vysoké učení technické v Praze,  |c 1981 
300 |a 143 s 
650 7 |a výroba  |2 stusub 
650 7 |a projektovanie  |2 stusub 
650 7 |a Projektovanie výroby  |2 stusub 
700 1 |a Kunešová, Liduška  |4 aut 
700 1 |a Preclík, Vratislav  |4 aut 
856 4 |a https://sweb.mtf.stuba.sk/obsahy/Metodika_projektovani_vyroby_81  |u https://sweb.mtf.stuba.sk/obsahy/Metodika_projektovani_vyroby_81  |3 OBSAH 
996 |b 284M008875  |c M*S-548-11  |l MMKN  |s A  |a 24  |w stu45102_0002 
996 |b 284M008880  |c M*S-548-16  |l MMKN  |s A  |a 24  |w stu45102_0003 
996 |b 284M008868  |c M*S-548-4  |l MMKN  |s A  |a 24  |w stu45102_0004 
996 |b 284M008869  |c M*S-548-5  |l MMKN  |s A  |a 24  |w stu45102_0005 
996 |b 284M008871  |c M*S-548-7  |l MMKN  |s A  |a 24  |w stu45102_0006 
996 |b 284M008872  |c M*S-548-8  |l MMKN  |s A  |a 24  |w stu45102_0007